000 00756cam a22002533a 4500
001 32930
003 PGUSA
005 20140828083719.0
008 100620s2010||||xxu|||||s|||||000 1 eng d
040 _aPGUSA
_beng
042 _adc
050 4 _aPR
050 4 _aPZ
100 1 _aBrereton, F. S.
_q(Frederick Sadleir),
_d1872-
245 1 2 _aA Gallant Grenadier :
_bA Tale of the Crimean War
_h[electronic resource] /
_cF. S. Brereton
260 _bProject Gutenberg,
_c2010
506 _aPublic domain in the USA.
516 _aElectronic text
653 _aCrimean War, 1853-1856 -- Juvenile fiction
700 1 _aPaget, Walter,
_d1863-1935
830 0 _aProject Gutenberg
_v32930
856 4 0 _uhttp://www.gutenberg.org/ebooks/32930
942 _cEB
999 _c262185
_d262185